000 00624 a2200181 4500
999 _c5139
_d5139
010 _aENG-86750
020 _c325.00
_a0195692004
035 _aEN-70283
037 _bDBAD / PUB
082 1 4 _a954
100 _aTrautmann, Thomas R.
245 1 _aThe aryan debate /
_cby Thomas R.Trautmann
260 _aNew Delhi
_bOxford University Press
_c2007
270 _aYMCA Library Building, Jai Singh Road
_bNew Delhi
_e110 001
300 _axliii, 289p
_c22cm (pbk)
_bill.
500 _aHB of the same book recd. on 24.8.2005 and includes bibliographical references and index
942 _adpl
_cEN
_2ddc
_h954
_mTRA